Wicksell's Monetary theory / (Record no. 8945)

MARC details
000 -LEADER
campo de control de longitud fija 00696nam a2200253 i 4500
001 - NÚMERO DE CONTROL
campo de control 8945
003 - IDENTIFICADOR DE NÚMERO DE CONTROL
campo de control ES-MaACL
005 - FECHA Y HORA DE LA ÚLTIMA TRANSACCIÓN
campo de control 20250720124042.0
007 - CAMPO FIJO DE DESCRIPCIÓN FÍSICA--INFORMACIÓN GENERAL
campo de control de longitud fija t|
008 - DATOS DE LONGITUD FIJA--INFORMACIÓN GENERAL
campo de control de longitud fija 921116s1991 xxu |||| | eng d
020 ## - NÚMERO INTERNACIONAL ESTÁNDAR DEL LIBRO
Número Internacional Estándar del Libro 0-312-05369-X
080 ## - NÚMERO DE LA CLASIFICACIÓN DECIMAL UNIVERSAL
Número de la Clasificación Decimal Universal 33:929 Wicksell, Knut
080 ## - NÚMERO DE LA CLASIFICACIÓN DECIMAL UNIVERSAL
Número de la Clasificación Decimal Universal 336.74
100 1# - ENTRADA PRINCIPAL--NOMBRE DE PERSONA
Nombre de persona Chiodi, Guglielmo.
9 (RLIN) 38535
245 10 - MENCIÓN DEL TÍTULO
Título Wicksell's Monetary theory /
Mención de responsabilidad, etc. Guglielmo Chiodi.
260 ## - PUBLICACIÓN, DISTRIBUCIÓN, ETC.
Lugar de publicación, distribución, etc. New York :
Nombre del editor, distribuidor, etc. St. Martin's Press,
Fecha de publicación, distribución, etc. cop. 1991.
300 ## - DESCRIPCIÓN FÍSICA
Extensión XII, 129 p. ;
Dimensiones 23 cm.
600 14 - PUNTO DE ACCESO ADICIONAL DE MATERIA--NOMBRE DE PERSONA
Nombre de persona Wicksell, Knut.
9 (RLIN) 116741
650 04 - PUNTO DE ACCESO ADICIONAL DE MATERIA--TÉRMINO DE MATERIA
Término de materia o nombre geográfico como elemento de entrada Moneda.
9 (RLIN) 15153
650 #4 - PUNTO DE ACCESO ADICIONAL DE MATERIA--TÉRMINO DE MATERIA
Término de materia o nombre geográfico como elemento de entrada Interés.
9 (RLIN) 144080
650 #7 - PUNTO DE ACCESO ADICIONAL DE MATERIA--TÉRMINO DE MATERIA
Término de materia o nombre geográfico como elemento de entrada Precios
Fuente del encabezamiento o término embne
9 (RLIN) 144081
852 ## - LOCALIZACIÓN
Ubicación ES-MaACL
Número de control de estantería L-16340
Holdings
Estatus retirado Estado de pérdida Estado de daño No para préstamo Biblioteca de origen Biblioteca actual Ubicación en estantería Fecha de adquisición Fuente de adquisición Total de préstamos Signatura topográfica completa Código de barras Visto por última vez Precio de reemplazo Tipo de ítem Koha
        Biblioteca del Ateneo de Madrid Biblioteca del Ateneo de Madrid Depósito 2 17/01/2008     L-16340 1009133 23/02/2023 23/02/2023 Libro impreso